| 000 | 01161nam0a22003011 4500 | ||
|---|---|---|---|
| 001 | rc\3750400 | ||
| 005 | 20260409070241.0 | ||
| 021 |
_aRU _bРг387-73 |
||
| 021 |
_aRU _b71-ОЭ-3628/14 |
||
| 035 | _a(NLR Aleph) 007789745 | ||
| 090 |
_a7647040 _c7647040 |
||
| 100 | _a20130115d1969 |||y0rusy50 ca | ||
| 101 | 0 | _arus | |
| 102 | _aRU | ||
| 105 | _ay z ||||| | ||
| 200 | 1 |
_aВеликий подвиг советского народа _eМатериалы для докладов и бесед о 24 годовщине со дня победы Сов. Союза над фашистской Германией _fГомельск. обл. организация о-ва "Знание" |
|
| 210 |
_aГомель _cБ. и. _d1969 |
||
| 215 |
_a[1], 21 л. _d30 |
||
| 333 | _aНа правах рукописи | ||
| 606 |
_aВеликая Отечественная война _z1941 - 1945 _xГодовщины _3RU\NLR\AUTH\66187542 _91237240 |
||
| 686 | 1 | _aЦ35(2)722,021.2 | |
| 700 | 1 |
_aСтельмашок _bФ.П. |
|
| 801 | 0 |
_aRU _bNLR _gpsbo |
|
| 801 | 1 |
_aRU _bELAR _2rusmarc |
|
| 852 |
_aNLR _j71-9/311 |
||
| 942 | _cBOOK | ||
| 980 | _aNB | ||